Statistiken für Teams mit den meisten Super Bowl Siegen

Klicken Sie hier um das Quiz zu spielen!

Allgemein

  • Dieses Quiz wurde 49 mal gespielt
  • Das Durchschnittsergebnis liegt bei 18 aus 28

Antwortstatistiken

TeamSiegerVerliererTeilnahmenletzter Sieg% Korrekt
New England Patriots651103.02.2019
90%
Green Bay Packers41506.02.2011
81%
San Francisco 49ers52729.01.1995
81%
Los Angeles Rams23513.02.2022
76%
Denver Broncos35807.02.2016
74%
Kansas City Chiefs22402.02.2020
74%
Miami Dolphins23513.01.1974
74%
Seattle Seahawks12302.02.2014
71%
Dallas Cowboys53828.02.1996
69%
New York Giants41505.02.2012
69%
Philadelphia Eagles12304.02.2018
69%
Pittsburgh Steelers62801.02.2009
69%
New York Jets10112.01.1969
67%
Tampa Bay Buccaneers20207.02.2021
67%
Chicago Bears11226.01.1986
62%
Minnesota Vikings044
62%
Atlanta Falcons022
60%
Arizona Cardinals011
57%
Baltimore Ravens20203.02.2013
57%
Las Vegas Raiders32522.01.1984
57%
Tennessee Titans011
57%
Buffalo Bills044
55%
Los Angeles Chargers011
55%
Cincinnati Bengals033
52%
Carolina Panthers022
50%
Indianapolis Colts22404.02.2007
50%
New Orleans Saints10107.02.2010
45%
Washington Commanders32526.01.1992
43%

Verteilung der Resultate

Perzentil nach korrekt beantworteten Fragen

Anzahl Personen mit jedem Resultat

Ihre Resultats-Entwicklung

Sie haben dieses Quiz noch nicht gespielt